000 00461nam a2200181Ia 4500
001 14604
005 20260306164926.0
008 260306t2009||||xx |||||||||||||| ||spa||
041 _aESP
082 _a515.35
_bE26
100 _aEdwards, C. Henry
_eAUT
245 0 _aEcuaciones diferenciales y problemas con valores en la frontera:
_bcómputo y modelado
260 _c2009
300 _a
_c
650 _aGEN
654 _aCMA
942 _cLIB
_dJUS
_fJUS
_2ddc
_n
999 _c14604
_d14604